000 00661nam a2200229 a 4500
001 25875
003 CO-ViMGA
008 141112s2004 ck r 000 u spa d
020 _a9789589177938
040 _aCO-ViMGA
_bspa
_cCO-ViMGA
082 0 4 _a306.85 S67a
100 1 _aSoto, Carmen Elena
_910
245 1 0 _aAlbum de familia /
_cautora Carmen Elena Soto
250 _a3a ed.
260 _aBogotá :
_bMinisterio de Cultura,
_c2012
300 _a110 p. : il. col.
650 1 4 _aeducación DE NIÑOS
_913
650 1 4 _aFAMILIA - ASPECTOS SOCIALES
_911
650 1 4 _aPROMOCION DE LA LECTURA
_914
650 1 4 _aRELACIONES DE FAMILIA
_912
942 _2ddc
_cBK
999 _c5440
_d5440